Red Planet: A colonial boy on Mars
Guardado en:
| Hovedforfatter: | |
|---|---|
| Format: | Bog |
| Sprog: | English |
| Udgivet: |
New York, Estados Unidos
Charles Scribner´s Sons
1949
|
| Fag: | |
| Tags: |
Tilføj Tag
Ingen Tags, Vær først til at tagge denne postø!
|
MARC
| LEADER | 00000nam a2200000Ia 4500 | ||
|---|---|---|---|
| 008 | 170316s9999 xx 000 0 eng d | ||
| 999 | |c 28801 |d 28801 | ||
| 040 | |a cru BVZT | ||
| 090 | |a F-810 H-4r | ||
| 100 | |a Heinlein, Robert A. | ||
| 245 | |a Red Planet: A colonial boy on Mars | ||
| 260 | |a New York, Estados Unidos | ||
| 260 | |b Charles Scribner´s Sons | ||
| 260 | |c 1949 | ||
| 300 | |a 211 páginas | ||
| 650 | |a LITERATURA ESTADOUNIDENSE |9 25 | ||
| 650 | |a FICCIÓN |9 26 | ||
| 650 | |a EN IDIOMA INGLÉS |9 129 | ||
| 942 | |c 15 D |h F-810 H-4r |2 z | ||
